<?xml version="1.0" encoding="UTF-8"?>
<record
    xmlns:xsi="http://www.w3.org/2001/XMLSchema-instance"
    xsi:schemaLocation="http://www.loc.gov/MARC21/slim http://www.loc.gov/standards/marcxml/schema/MARC21slim.xsd"
    xmlns="http://www.loc.gov/MARC21/slim">

  <leader>01730nad a2200241M  4500</leader>
  <datafield tag="020" ind1=" " ind2=" ">
    <subfield code="a">0691043825</subfield>
  </datafield>
  <datafield tag="040" ind1=" " ind2=" ">
    <subfield code="c">MiU</subfield>
  </datafield>
  <datafield tag="082" ind1=" " ind2=" ">
    <subfield code="a">950 PRI 1996 A101 Or.</subfield>
  </datafield>
  <datafield tag="245" ind1="0" ind2="4">
    <subfield code="a">The Japanese wartime empire, 1931-1945</subfield>
  </datafield>
  <datafield tag="260" ind1=" " ind2=" ">
    <subfield code="a">Princeton, N.J. :</subfield>
    <subfield code="b">Princeton University Press,</subfield>
    <subfield code="c">c1996.</subfield>
  </datafield>
  <datafield tag="300" ind1=" " ind2=" ">
    <subfield code="a">xlvii, 375 p. :</subfield>
    <subfield code="b">ill. ;</subfield>
    <subfield code="c">25 cm.</subfield>
  </datafield>
  <datafield tag="520" ind1="1" ind2=" ">
    <subfield code="a">"With this book the editors complete the three-volume series on modern Japanese colonialism and imperialism that began with The Japanese Colonial Empire, 1895-1945 (Princeton, 1983) and The Japanese Informal Empire in China, 1895-1937 (Princeton, 1989). The Japanese military takeover in Manchuria between 1931 and 1932 was a critical turning point in East Asian history. It marked the first surge of Japanese aggression beyond the boundaries of its older colonial empire and set Japan on a collision course with China and Western colonial powers from 1937 through 1945. These essays seek to illuminate some of the more significant processes and institutions during the period when the empire was at war: the creation of a Japanese-dominated East Asian economic bloc centered in northeast Asia, the mobilization of human and physical resources in the older established areas of Japanese colonial rule, and the penetration and occupation of Southeast Asia." -- Text from book jacket.</subfield>
  </datafield>
  <datafield tag="650" ind1=" " ind2="0">
    <subfield code="a">World War, 1939-1945</subfield>
  </datafield>
  <datafield tag="650" ind1=" " ind2="0">
    <subfield code="a">World War, 1939-1945</subfield>
  </datafield>
  <datafield tag="650" ind1=" " ind2="0">
    <subfield code="a">Sino-Japanese War, 1937-1945</subfield>
  </datafield>
  <datafield tag="700" ind1="1" ind2=" ">
    <subfield code="a">Duus, Peter,</subfield>
  </datafield>
  <datafield tag="700" ind1="1" ind2=" ">
    <subfield code="a">Myers, Ramon Hawley,</subfield>
  </datafield>
  <datafield tag="700" ind1="1" ind2=" ">
    <subfield code="a">Peattie, Mark R.,</subfield>
  </datafield>
  <datafield tag="700" ind1="1" ind2=" ">
    <subfield code="a">Zhou, Wanyao.</subfield>
  </datafield>
  <datafield tag="710" ind1="2" ind2=" ">
    <subfield code="a">American Council of Learned Societies.</subfield>
  </datafield>
  <datafield tag="856" ind1="4" ind2="0">
    <subfield code="u">http://metlibrary.idm.oclc.org/login?url=http://hdl.handle.net/2027/heb.01938</subfield>
  </datafield>
  <datafield tag="942" ind1=" " ind2=" ">
    <subfield code="c">EK</subfield>
  </datafield>
  <datafield tag="999" ind1=" " ind2=" ">
    <subfield code="c">13542</subfield>
    <subfield code="d">13542</subfield>
  </datafield>
  <datafield tag="952" ind1=" " ind2=" ">
    <subfield code="0">0</subfield>
    <subfield code="1">0</subfield>
    <subfield code="4">0</subfield>
    <subfield code="6">950_000000000000000_PRI_1996_A101_OR</subfield>
    <subfield code="7">0</subfield>
    <subfield code="9">64596</subfield>
    <subfield code="a">LBA</subfield>
    <subfield code="b">LBA</subfield>
    <subfield code="c">A101</subfield>
    <subfield code="d">2017-08-28</subfield>
    <subfield code="o">950 PRI 1996 A101 Or.</subfield>
    <subfield code="p">A21061</subfield>
    <subfield code="r">2017-08-28</subfield>
    <subfield code="w">2017-08-28</subfield>
    <subfield code="y">EK</subfield>
  </datafield>
</record>
